| 000 | 00946nam a2200253 i 4500 | ||
|---|---|---|---|
| 001 | 172609 | ||
| 003 | ES-MaACL | ||
| 005 | 20240209181035.0 | ||
| 008 | 090727s1974 sp d |||| | spa d | ||
| 020 | _a84-7090-058-7 | ||
| 080 | _a806.0-316.5 | ||
| 100 | 1 |
_aMartín Martín, Jaime. _9141121 |
|
| 245 | 1 | 0 |
_aDiccionario de expresiones malsonantes del español _b: léxico descriptivo / _cJaime Martín Martín. |
| 260 |
_aMadrid : _bIstmo, _c1974. |
||
| 300 |
_a368 p. ; _c18 cm. |
||
| 490 | 1 |
_aFundamentos ; _v44 |
|
| 500 | _aÍndice. | ||
| 650 | 4 |
_aLengua española- _xArgots y jergas- _vDiccionarios. _9148231 |
|
| 650 | 4 |
_aLengua española- _xPalabras y frases malsonantes- _vDiccionarios. _9163217 |
|
| 650 | 0 | 4 |
_aLengua española- _xConversación y frases. _914133 |
| 830 | 0 | 0 |
_aFundamentos (Ediciones Istmo) _v44 _9121682 |
| 852 |
_aES-MaACL _jE-12900 _z. - Biblioteca Jacinto Martínez Lacalle |
||
| 999 |
_c172609 _d172609 |
||